000 00339pab a2200145 454500
008 180718b1989 xxu||||| |||| 00| 0 eng d
100 _aLahiri, Apala
245 _aWhy Indian brides are for burning?
260 _c1989
300 _a13-14
362 _a9 Apr.
650 _aWomen - India
773 _aDemocratic World
909 _a20921
999 _c20921
_d20921